000 06257nam a22005657a 4500
005 20090603122959.0
008 090603t xxu||||| |||| 00| 0 eng d
010 _aENG-93846
020 _a9788123754116
_c200.00
035 _aEN-77379
035 _aB-383505-526
037 _bDBAD / PUB
037 _bNorth India Publishers & Distributors
040 _adpl
_bEnglish
082 _a351.54
100 _aMathur, Kuldeep
245 _aFrom government to governance:
_cby Kuldeep Mathur
_ba brief survey of the Indian experience /
260 _aNew Delhi
_bNational Book Trust
_c2008
270 _aNehru Bhawan, 5, Institutional Area, Phase-II, Vasant Kunj,
_bNew Delhi
_e110070
300 _avii, 143p.
_c22cm(Hb)
500 _aIncludes references
650 _aGovernment accountability
_zIndia
650 _aPublic administration
_zIndia
651 _aIndia
_zPolities and government
942 _2ddc
_cEN
_mMAT
_h351.54
999 _c27181
_d27181